Top 10 Smallest Asian Countries by Area - Statistics

General Stats
  • This quiz has been taken 64 times
  • The average score is 9 of 10
Answer Stats
km² Country % Correct
786 Bahrain
96%
728 Singapore
95%
14,919 East Timor
93%
17,818 Kuwait
93%
5,765 Brunei
91%
11,586 Qatar
91%
300 Maldives
87%
22,070 Israel
82%
10,452 Lebanon
76%
9,251 Cyprus
56%
No matching quizzes found
Score Distribution
Percent of People with Each Score
Percentile by Number Answered
Your Score History
You have not taken this quiz